<?xml version="1.0" encoding="utf-8"?>
<?xml-stylesheet type='text/xsl' href='./oai2.xsl'?>
<OAI-PMH xmlns="http://www.openarchives.org/OAI/2.0/" xmlns:xsi="http://www.w3.org/2001/XMLSchema-instance" xsi:schemaLocation="http://www.openarchives.org/OAI/2.0/ http://www.openarchives.org/OAI/2.0/OAI-PMH.xsd">
  <responseDate>2026-06-06T06:16:00Z</responseDate>
  <request verb="GetRecord" metadataPrefix="marcxml" identifier="record_kuniweb_171202">https://kulturerbe.niedersachsen.de/oai</request>
  <GetRecord>
    <record>
      <header>
        <identifier>record_kuniweb_171202</identifier>
        <datestamp>2024-04-10T10:39:58Z</datestamp>
        <setSpec>slg0221</setSpec>
      </header>
      <metadata>
        <marc:record xmlns:marc="http://www.loc.gov/MARC21/slim" xsi:schemaLocation="http://www.loc.gov/MARC21/slim http://www.loc.gov/standards/marcxml/schema/MARC21slim.xsd">
          <marc:leader>12345nrm  22     uu 4500</marc:leader>
          <marc:controlfield tag="001">171202</marc:controlfield>
          <marc:controlfield tag="003">http://kuniweb.gbv.de</marc:controlfield>
          <marc:controlfield tag="005">2022-04-07T14:46:36</marc:controlfield>
          <marc:controlfield tag="008">|           ||||||||||||||||||||||</marc:controlfield>
          <marc:datafield tag="245" ind1="1" ind2="0">
            <marc:subfield code="a">C. Langhein: "Sommerwind" (die Frau des Künstlers am Elbdeich zwischen Altenbruch und Otterndorf), 1907</marc:subfield>
          </marc:datafield>
          <marc:datafield tag="700" ind1="1" ind2=" ">
            <marc:subfield code="a">Langhein</marc:subfield>
            <marc:subfield code="d">* 1872 † 1941</marc:subfield>
            <marc:subfield code="e">MalerIn</marc:subfield>
          </marc:datafield>
          <marc:datafield tag="655" ind1=" " ind2="7">
            <marc:subfield code="a">Malerei</marc:subfield>
          </marc:datafield>
          <marc:datafield tag="046" ind1=" " ind2=" ">
            <marc:subfield code="k">1907</marc:subfield>
            <marc:subfield code="k">1907</marc:subfield>
          </marc:datafield>
          <marc:datafield tag="260" ind1=" " ind2=" ">
            <marc:subfield code="g">1907</marc:subfield>
            <marc:subfield code="g">1907</marc:subfield>
          </marc:datafield>
          <marc:datafield tag="300" ind1=" " ind2=" ">
            <marc:subfield code="a">Höhe: 54 cm
Höhe: 65 cm (Rahmen)
Breite: 72 cm
Breite: 84 cm (Rahmen)</marc:subfield>
          </marc:datafield>
          <marc:datafield tag="520" ind1=" " ind2=" ">
            <marc:subfield code="a">Abgebildet ist die Frau des Künstlers; genrehafte Ähnlichkeit mit Otto Ubbelohdes "Frau in Weiss" (Hanna Ubbelohde in der sommerl. Landschaft des oberen Lahntals)  (O. Rennebeck 06/2018)

Aufschrift:
"Motto: Nordsee" (auf der Pappe / Rückseite)

Veröffentlicht in:
Kunstdruck der Kranichhaus-Gesellschaft, 1992

Beschrieben in:
C. Langhein, „1907 : einhundert Jahre Carl Langhein in Otterndorf“. [Prof. Carl Langhein Stiftung], [Hamburg?], 2007.

Beschrieben in:
P. Bussler, „100 Jahre Cuxhavener Malerkolonie : 1895 - 1995. Cuxhavener Malerkolonie. Malerparadies auf Zeit / Karlsruher Künstler entdecken den Reiz der Küstenlandschaft ; 2“. Verlagsges. Cuxhaven, Cuxhaven, 1995. (S. 56ff., 116ff.)</marc:subfield>
          </marc:datafield>
          <marc:datafield tag="650" ind1="1" ind2=" ">
            <marc:subfield code="a">Jugendstil</marc:subfield>
          </marc:datafield>
          <marc:datafield tag="650" ind1="1" ind2=" ">
            <marc:subfield code="a">Deich</marc:subfield>
          </marc:datafield>
          <marc:datafield tag="650" ind1="1" ind2=" ">
            <marc:subfield code="a">Fernweh</marc:subfield>
          </marc:datafield>
          <marc:datafield tag="650" ind1="1" ind2=" ">
            <marc:subfield code="a">Malerei &gt; Ölbild</marc:subfield>
          </marc:datafield>
          <marc:datafield tag="650" ind1="1" ind2=" ">
            <marc:subfield code="a">Malerei</marc:subfield>
          </marc:datafield>
          <marc:datafield tag="650" ind1="1" ind2=" ">
            <marc:subfield code="a">Otterndorf (Niedersachsen)</marc:subfield>
          </marc:datafield>
          <marc:datafield tag="773" ind1="0" ind2=" ">
            <marc:subfield code="t">Sammlung "Kulturerbe" im Kranichhaus</marc:subfield>
          </marc:datafield>
          <marc:datafield tag="852" ind1=" " ind2=" ">
            <marc:subfield code="a">Kranichhaus. Museum des Landes Hadeln</marc:subfield>
          </marc:datafield>
          <marc:datafield tag="" ind1=" " ind2=" ">
            <marc:subfield code="a">Namensnennung - Nicht kommerziell - Keine Bearbeitungen 4.0 International (CC BY-NC-ND 4.0)</marc:subfield>
          </marc:datafield>
        </marc:record>
      </metadata>
    </record>
  </GetRecord>
</OAI-PMH>
